[Event "Greek Team Championship"]
[Site "chess24.com"]
[Date "2017.07.04"]
[Round "3"]
[White "Szabo, Gergely-Andras-Gyula"]
[Black "Sandalakis, Angelos"]
[Result "1/2-1/2"]
[Board "2"]
[WhiteElo "2546"]
[WhiteTitle "GM"]
[WhiteCountry "ROU"]
[WhiteFideId "1205064"]
[WhiteEloChange "-1"]
[BlackElo "2446"]
[BlackTitle "IM"]
[BlackCountry "GRE"]
[BlackFideId "4207645"]
[BlackEloChange "1"]

1. e4 {[%clk 1:30:51]} e5 {[%clk 1:30:26]} 2. Nf3 {[%clk 1:30:39]} Nc6 {[%clk
1:30:51]} 3. Bb5 {[%clk 1:31:00]} a6 {[%clk 1:31:14]} 4. Ba4 {[%clk 1:31:22]} Nf6
{[%clk 1:31:39]} 5. O-O {[%clk 1:31:46]} Be7 {[%clk 1:32:03]} 6. Re1 {[%clk
1:31:58]} b5 {[%clk 1:32:22]} 7. Bb3 {[%clk 1:32:22]} d6 {[%clk 1:32:44]} 8. c3
{[%clk 1:32:45]} O-O {[%clk 1:33:07]} 9. d4 {[%clk 1:32:08]} Bg4 {[%clk 1:33:20]}
10. Be3 {[%clk 1:32:32]} exd4 {[%clk 1:20:34]} 11. cxd4 {[%clk 1:32:53]} Na5
{[%clk 1:19:31]} 12. Bc2 {[%clk 1:33:18]} c5 {[%clk 1:14:12]} 13. dxc5 {[%clk
1:19:25]} dxc5 {[%clk 1:14:29]} 14. Nbd2 {[%clk 1:19:42]} Nc6 {[%clk 1:09:05]}
15. Qb1 {[%clk 1:14:33]} Qc7 {[%clk 0:58:01]} 16. a3 {[%clk 0:58:40]} Rad8 {[%clk
0:55:21]} 17. Bg5 {[%clk 0:56:00]} h6 {[%clk 0:53:52]} 18. Bh4 {[%clk 0:56:06]}
Nh5 {[%clk 0:54:01]} 19. Bxe7 {[%clk 0:50:12]} Qxe7 {[%clk 0:54:09]} 20. e5
{[%clk 0:49:29]} Bxf3 {[%clk 0:41:29]} 21. Nxf3 {[%clk 0:49:53]} Nf4 {[%clk
0:41:34]} 22. Bh7+ {[%clk 0:29:56]} Kh8 {[%clk 0:41:58]} 23. Qe4 {[%clk 0:30:21]}
Nd4 {[%clk 0:32:38]} 24. Qxf4 {[%clk 0:26:50]} Kxh7 {[%clk 0:32:53]} 25. Qe4+
{[%clk 0:20:10]} f5 {[%clk 0:28:10]} 26. exf6+ {[%clk 0:16:30]} Qxe4 {[%clk
0:27:22]} 27. Rxe4 {[%clk 0:16:58]} Nxf3+ {[%clk 0:27:41]} 28. gxf3 {[%clk
0:17:25]} Rxf6 {[%clk 0:28:03]} 29. a4 {[%clk 0:10:12]} Rd2 {[%clk 0:23:31]} 30.
axb5 {[%clk 0:04:57]} axb5 {[%clk 0:23:44]} 31. b3 {[%clk 0:05:26]} Rxf3 {[%clk
0:17:29]} 32. Ra7 {[%clk 0:05:52]} Rd6 {[%clk 0:16:27]} 33. b4 {[%clk 0:04:06]}
Rg6+ {[%clk 0:09:36]} 34. Kf1 {[%clk 0:04:28]} Rf5 {[%clk 0:07:27]} 35. bxc5
{[%clk 0:02:41]} Rxc5 {[%clk 0:07:40]} 36. Rb7 {[%clk 0:03:04]} Rc1+ {[%clk
0:06:02]} 37. Re1 {[%clk 0:01:06]} Rg1+ {[%clk 0:05:00]} 38. Kxg1 {[%clk
0:01:33]} Rxe1+ {[%clk 0:05:27]} 39. Kg2 {[%clk 0:02:00]} Re5 {[%clk 0:05:52]}
40. Rb6 {[%clk 0:31:09]} Rg5+ {[%clk 0:31:47]} 41. Kf3 {[%clk 0:29:10]} Rf5+
{[%clk 0:32:11]} 42. Kg3 {[%clk 0:28:58]} h5 {[%clk 0:31:17]} 43. f4 {[%clk
0:20:18]} Rc5 {[%clk 0:30:34]} 44. Kh4 {[%clk 0:20:28]} g6 {[%clk 0:30:04]} 45.
Rb7+ {[%clk 0:20:36]} Kh6 {[%clk 0:29:57]} 46. Kg3 {[%clk 0:19:22]} Rc3+ {[%clk
0:22:50]} 47. Kg2 {[%clk 0:19:42]} Rb3 {[%clk 0:22:25]} 48. h4 {[%clk 0:19:52]}
b4 {[%clk 0:22:49]} 49. Kh2 {[%clk 0:20:03]} Rb1 {[%clk 0:22:33]} 50. Kg2 {[%clk
0:20:22]} b3 {[%clk 0:22:37]} 51. Kh2 {[%clk 0:20:01]} Rf1 {[%clk 0:22:29]} 52.
Rxb3 {[%clk 0:20:08]} Rxf4 {[%clk 0:22:53]} 53. Kg3 {[%clk 0:20:11]} Rf7 {[%clk
0:23:12]} 54. Rb6 {[%clk 0:20:08]} Kg7 {[%clk 0:23:31]} 55. Ra6 {[%clk 0:20:22]}
Re7 {[%clk 0:23:55]} 56. Rb6 {[%clk 0:19:36]} Kf7 {[%clk 0:24:17]} 57. Ra6 {[%clk
0:19:27]} Re3+ {[%clk 0:23:54]} 58. Kf4 {[%clk 0:18:51]} Rh3 {[%clk 0:22:16]} 59.
Kg5 {[%clk 0:18:36]} Rg3+ {[%clk 0:22:38]} 60. Kh6 {[%clk 0:19:03]} Rg4 {[%clk
0:22:57]} 61. Rb6 {[%clk 0:19:13]} Rxh4 {[%clk 0:20:28]} 62. Rxg6 {[%clk
0:19:39]} 1/2-1/2

[Event "Greek Team Championship"]
[Site "chess24.com"]
[Date "2017.07.04"]
[Round "3"]
[White "Santagati, Alessandro"]
[Black "Tsekouras, Theodoros"]
[Result "1-0"]
[Board "3"]
[WhiteElo "2315"]
[WhiteTitle "FM"]
[WhiteCountry "ITA"]
[WhiteFideId "814644"]
[WhiteEloChange "7"]
[BlackElo "2225"]
[BlackCountry "GRE"]
[BlackFideId "4203402"]
[BlackEloChange "-7"]

1. e4 {[%clk 1:30:56]} e5 {[%clk 1:29:34]} 2. d4 {[%clk 1:30:23]} exd4 {[%clk
1:29:55]} 3. Nf3 {[%clk 1:30:46]} Nc6 {[%clk 1:30:15]} 4. Bc4 {[%clk 1:31:03]}
Nf6 {[%clk 1:30:28]} 5. e5 {[%clk 1:30:47]} d5 {[%clk 1:26:58]} 6. Bb5 {[%clk
1:30:33]} Ne4 {[%clk 1:27:22]} 7. Nxd4 {[%clk 1:30:14]} Bd7 {[%clk 1:22:40]} 8.
Bxc6 {[%clk 1:30:02]} bxc6 {[%clk 1:22:39]} 9. O-O {[%clk 1:29:42]} Bc5 {[%clk
1:21:30]} 10. Be3 {[%clk 1:28:44]} Qe7 {[%clk 1:14:39]} 11. f3 {[%clk 1:24:59]}
Ng5 {[%clk 1:14:53]} 12. f4 {[%clk 1:20:55]} Ne4 {[%clk 1:14:18]} 13. Nd2 {[%clk
1:16:33]} Nxd2 {[%clk 1:10:06]} 14. Qxd2 {[%clk 1:16:58]} O-O {[%clk 1:04:13]}
15. Rae1 {[%clk 1:14:03]} Bb6 {[%clk 0:58:36]} 16. Nb3 {[%clk 1:13:20]} Bf5
{[%clk 0:53:26]} 17. Qc3 {[%clk 1:05:42]} Qe6 {[%clk 0:35:09]} 18. Bc5 {[%clk
0:58:03]} Rfb8 {[%clk 0:34:53]} 19. Kh1 {[%clk 0:42:15]} Bxc5 {[%clk 0:21:50]}
20. Qxc5 {[%clk 0:40:55]} Qd7 {[%clk 0:15:05]} 21. Re3 {[%clk 0:32:02]} Rb5
{[%clk 0:09:48]} 22. Qc3 {[%clk 0:29:38]} Rab8 {[%clk 0:09:59]} 23. Rg3 {[%clk
0:27:32]} g6 {[%clk 0:08:44]} 24. Re1 {[%clk 0:19:46]} Rb4 {[%clk 0:07:26]} 25.
Nd4 {[%clk 0:15:17]} Rc4 {[%clk 0:07:09]} 26. Qd2 {[%clk 0:15:10]} Rxb2 {[%clk
0:06:52]} 27. Rb3 {[%clk 0:12:16]} Rxa2 {[%clk 0:03:47]} 28. Rb8+ {[%clk
0:11:36]} Kg7 {[%clk 0:04:16]} 29. Qf2 {[%clk 0:10:10]} c5 {[%clk 0:01:57]} 30.
Qh4 {[%clk 0:01:30]} Rxd4 {[%clk 0:00:38]} 31. Qf6+ {[%clk 0:01:05]} Kh6 {[%clk
0:01:07]} 32. Qh4+ {[%clk 0:00:52]} Kg7 {[%clk 0:01:35]} 33. Qf6+ {[%clk
0:00:51]} Kh6 {[%clk 0:01:59]} 34. Rg8 {[%clk 0:00:47]} Rxf4 {[%clk 0:00:44]} 35.
h4 {[%clk 0:01:08]} Rg4 {[%clk 0:00:35]} 36. Qg7+ {[%clk 0:01:31]} 1-0

[Event "Greek Team Championship"]
[Site "chess24.com"]
[Date "2017.07.04"]
[Round "3"]
[White "Moutzouris, Iason"]
[Black "Karaboikis, Spiridon"]
[Result "1/2-1/2"]
[Board "4"]
[WhiteElo "1818"]
[WhiteCountry "GRE"]
[WhiteFideId "4219740"]
[WhiteEloChange "4"]
[BlackElo "1962"]
[BlackCountry "GRE"]
[BlackFideId "4296346"]
[BlackEloChange "-4"]

1. e4 {[%clk 1:30:57]} d5 {[%clk 1:30:50]} 2. exd5 {[%clk 1:31:21]} Qxd5 {[%clk
1:31:17]} 3. Nc3 {[%clk 1:31:41]} Qa5 {[%clk 1:31:38]} 4. d4 {[%clk 1:31:58]} Nf6
{[%clk 1:32:01]} 5. Nf3 {[%clk 1:32:04]} Bg4 {[%clk 1:32:02]} 6. h3 {[%clk
1:22:55]} Bh5 {[%clk 1:32:20]} 7. g4 {[%clk 1:20:54]} Bg6 {[%clk 1:32:43]} 8. Bd3
{[%clk 1:20:06]} e6 {[%clk 1:28:14]} 9. Qe2 {[%clk 1:17:45]} Bxd3 {[%clk
1:25:59]} 10. Qxd3 {[%clk 1:18:06]} Nc6 {[%clk 1:26:09]} 11. Qb5 {[%clk 1:10:08]}
O-O-O {[%clk 1:21:40]} 12. Ne5 {[%clk 0:59:08]} Qxb5 {[%clk 1:21:36]} 13. Nxb5
{[%clk 0:59:31]} Nxe5 {[%clk 1:21:21]} 14. dxe5 {[%clk 0:59:52]} Nd7 {[%clk
1:21:48]} 15. Bf4 {[%clk 0:56:29]} a6 {[%clk 1:22:00]} 16. Nd4 {[%clk 0:56:08]}
Nb6 {[%clk 1:15:03]} 17. O-O-O {[%clk 0:52:41]} Bc5 {[%clk 1:09:15]} 18. Nf3
{[%clk 0:31:13]} Nd5 {[%clk 0:45:22]} 19. Bg3 {[%clk 0:31:15]} h6 {[%clk
0:40:38]} 20. Nd2 {[%clk 0:27:36]} Rd7 {[%clk 0:35:14]} 21. Ne4 {[%clk 0:27:36]}
Be7 {[%clk 0:32:39]} 22. c4 {[%clk 0:27:28]} Nb6 {[%clk 0:31:00]} 23. Rxd7 {[%clk
0:27:14]} Nxd7 {[%clk 0:31:24]} 24. f4 {[%clk 0:24:32]} Nc5 {[%clk 0:29:15]} 25.
Nxc5 {[%clk 0:23:27]} Bxc5 {[%clk 0:29:43]} 26. Kc2 {[%clk 0:23:05]} h5 {[%clk
0:29:36]} 27. Rh2 {[%clk 0:21:26]} hxg4 {[%clk 0:28:31]} 28. hxg4 {[%clk
0:21:47]} Rxh2+ {[%clk 0:28:56]} 29. Bxh2 {[%clk 0:22:14]} g6 {[%clk 0:29:14]}
30. Kd3 {[%clk 0:21:56]} Kd7 {[%clk 0:26:42]} 31. Bg3 {[%clk 0:20:53]} Kc6 {[%clk
0:21:35]} 32. Ke4 {[%clk 0:15:49]} b5 {[%clk 0:18:46]} 33. Kd3 {[%clk 0:15:15]}
b4 {[%clk 0:15:10]} 34. b3 {[%clk 0:15:17]} 1/2-1/2

[Event "Greek Team Championship"]
[Site "chess24.com"]
[Date "2017.07.04"]
[Round "3"]
[White "Drakaki, Anna-Maria"]
[Black "Makropoulou, Marina"]
[Result "0-1"]
[Board "5"]
[WhiteElo "1912"]
[WhiteCountry "GRE"]
[WhiteFideId "4225210"]
[WhiteEloChange "-4"]
[BlackElo "2136"]
[BlackTitle "WGM"]
[BlackCountry "GRE"]
[BlackFideId "4200187"]
[BlackEloChange "4"]

1. e4 {[%clk 1:30:56]} c5 {[%clk 1:30:21]} 2. Nf3 {[%clk 1:31:12]} e6 {[%clk
1:30:37]} 3. d4 {[%clk 1:31:36]} cxd4 {[%clk 1:31:02]} 4. Nxd4 {[%clk 1:32:01]}
Nc6 {[%clk 1:30:44]} 5. Nb5 {[%clk 1:32:11]} d6 {[%clk 1:29:50]} 6. c4 {[%clk
1:32:14]} a6 {[%clk 1:29:00]} 7. N5c3 {[%clk 1:31:55]} Nf6 {[%clk 1:27:59]} 8.
Be2 {[%clk 1:29:48]} Be7 {[%clk 1:26:54]} 9. Bf4 {[%clk 1:29:42]} O-O {[%clk
1:26:06]} 10. O-O {[%clk 1:29:03]} b6 {[%clk 1:20:54]} 11. Nd2 {[%clk 1:27:21]}
Bb7 {[%clk 1:12:07]} 12. Bg3 {[%clk 1:23:38]} Nd4 {[%clk 1:06:55]} 13. Bd3 {[%clk
1:14:46]} b5 {[%clk 1:07:05]} 14. Re1 {[%clk 0:48:43]} b4 {[%clk 1:02:56]} 15.
Ne2 {[%clk 0:47:05]} Nc6 {[%clk 1:03:14]} 16. Rc1 {[%clk 0:37:33]} Nh5 {[%clk
1:02:23]} 17. Nf3 {[%clk 0:34:36]} Nxg3 {[%clk 0:51:08]} 18. Nxg3 {[%clk
0:34:00]} Bf6 {[%clk 0:49:47]} 19. Qd2 {[%clk 0:33:34]} Qa5 {[%clk 0:49:02]} 20.
Bb1 {[%clk 0:27:35]} Rfd8 {[%clk 0:48:27]} 21. Red1 {[%clk 0:22:37]} Rac8 {[%clk
0:48:10]} 22. Ne2 {[%clk 0:20:49]} Qc5 {[%clk 0:42:19]} 23. Ned4 {[%clk 0:13:13]}
Ne5 {[%clk 0:35:27]} 24. Qe2 {[%clk 0:07:33]} Nxf3+ {[%clk 0:31:04]} 25. Nxf3
{[%clk 0:07:41]} a5 {[%clk 0:29:16]} 26. b3 {[%clk 0:01:32]} g6 {[%clk 0:26:46]}
27. Rd3 {[%clk 0:00:49]} Qh5 {[%clk 0:20:29]} 28. Rcd1 {[%clk 0:00:41]} d5 {[%clk
0:18:28]} 29. e5 {[%clk 0:00:52]} dxc4 {[%clk 0:16:56]} 30. Rd7 {[%clk 0:00:43]}
Bxf3 {[%clk 0:16:39]} 31. Qxf3 {[%clk 0:00:49]} Qxf3 {[%clk 0:15:45]} 32. gxf3
{[%clk 0:01:14]} Rxd7 {[%clk 0:16:09]} 33. Rxd7 {[%clk 0:01:40]} Bxe5 {[%clk
0:16:02]} 34. bxc4 {[%clk 0:01:39]} Rxc4 {[%clk 0:16:12]} 35. Kg2 {[%clk
0:01:35]} Rc1 {[%clk 0:15:50]} 36. Bd3 {[%clk 0:00:40]} Rc3 {[%clk 0:12:11]} 37.
Bb5 {[%clk 0:00:42]} Rc2 {[%clk 0:12:25]} 38. Ra7 {[%clk 0:00:36]} Rxa2 {[%clk
0:12:29]} 39. Be8 {[%clk 0:00:44]} Rxf2+ {[%clk 0:06:56]} 40. Kh1 {[%clk
0:30:36]} Rxh2+ {[%clk 0:36:46]} 0-1

[Event "Greek Team Championship"]
[Site "chess24.com"]
[Date "2017.07.04"]
[Round "3"]
[White "Fragou, Maria V."]
[Black "Vitzileou, Fedra"]
[Result "0-1"]
[Board "6"]
[WhiteElo "1395"]
[WhiteCountry "GRE"]
[WhiteFideId "4277988"]
[WhiteEloChange "-13"]
[BlackElo "1271"]
[BlackCountry "GRE"]
[BlackFideId "4296575"]
[BlackEloChange "13"]

1. e4 {[%clk 1:30:57]} c5 {[%clk 1:30:56]} 2. Nf3 {[%clk 1:31:20]} Nc6 {[%clk
1:31:21]} 3. d4 {[%clk 1:31:43]} cxd4 {[%clk 1:31:44]} 4. Nxd4 {[%clk 1:32:07]}
g6 {[%clk 1:32:09]} 5. Nc3 {[%clk 1:32:20]} Bg7 {[%clk 1:32:32]} 6. Nb3 {[%clk
1:32:15]} Nf6 {[%clk 1:32:41]} 7. Be2 {[%clk 1:32:31]} O-O {[%clk 1:32:46]} 8.
O-O {[%clk 1:32:48]} d6 {[%clk 1:33:00]} 9. Bg5 {[%clk 1:33:02]} Bd7 {[%clk
1:31:42]} 10. Kh1 {[%clk 1:31:56]} a5 {[%clk 1:27:57]} 11. a4 {[%clk 1:29:17]}
Re8 {[%clk 1:22:06]} 12. f4 {[%clk 1:27:12]} Be6 {[%clk 1:18:30]} 13. f5 {[%clk
1:22:08]} Bxb3 {[%clk 1:18:23]} 14. cxb3 {[%clk 1:22:29]} Ne5 {[%clk 1:15:03]}
15. Qd2 {[%clk 1:17:28]} Nfd7 {[%clk 1:09:20]} 16. Be3 {[%clk 1:07:46]} Rc8
{[%clk 1:04:39]} 17. Rf2 {[%clk 1:02:38]} Nc5 {[%clk 1:00:36]} 18. Qc2 {[%clk
1:00:02]} b6 {[%clk 0:57:03]} 19. Raf1 {[%clk 0:54:17]} Rf8 {[%clk 0:44:20]} 20.
h3 {[%clk 0:42:47]} Qd7 {[%clk 0:39:21]} 21. Bc4 {[%clk 0:34:26]} Kh8 {[%clk
0:36:40]} 22. Bd4 {[%clk 0:27:18]} Qa7 {[%clk 0:26:14]} 23. Nb5 {[%clk 0:24:33]}
Qb8 {[%clk 0:24:21]} 24. Nc3 {[%clk 0:20:59]} Rce8 {[%clk 0:19:20]} 25. Qe2
{[%clk 0:19:08]} Bf6 {[%clk 0:17:34]} 26. Qd2 {[%clk 0:16:32]} Kg7 {[%clk
0:16:14]} 27. g4 {[%clk 0:15:27]} g5 {[%clk 0:15:23]} 28. Be3 {[%clk 0:14:32]}
Nxc4 {[%clk 0:14:33]} 29. bxc4 {[%clk 0:14:50]} Bxc3 {[%clk 0:14:46]} 30. Qxc3+
{[%clk 0:15:14]} f6 {[%clk 0:14:57]} 31. Qc2 {[%clk 0:13:42]} Qb7 {[%clk
0:14:05]} 32. Bxc5 {[%clk 0:12:57]} bxc5 {[%clk 0:14:10]} 33. Rf3 {[%clk
0:12:08]} Rb8 {[%clk 0:13:51]} 34. Rb1 {[%clk 0:11:33]} Qb4 {[%clk 0:12:48]} 35.
b3 {[%clk 0:11:01]} Rh8 {[%clk 0:12:10]} 36. Kg2 {[%clk 0:10:10]} h5 {[%clk
0:12:05]} 37. Rh1 {[%clk 0:08:48]} hxg4 {[%clk 0:12:09]} 38. hxg4 {[%clk
0:09:00]} Rxh1 {[%clk 0:12:28]} 39. Kxh1 {[%clk 0:09:24]} Qe1+ {[%clk 0:12:14]}
40. Kg2 {[%clk 0:38:38]} Qh4 {[%clk 0:42:18]} 41. Rg3 {[%clk 0:38:32]} Rh8 {[%clk
0:39:24]} 42. Kf3 {[%clk 0:36:43]} Qh1+ {[%clk 0:36:24]} 43. Qg2 {[%clk 0:36:45]}
Qb1 {[%clk 0:32:43]} 44. Kf2 {[%clk 0:36:49]} Rh1 {[%clk 0:28:49]} 45. Re3 {[%clk
0:36:30]} Rc1 {[%clk 0:23:49]} 46. Qh3 {[%clk 0:33:46]} Qb2+ {[%clk 0:20:27]} 47.
Kg3 {[%clk 0:25:21]} Rg1+ {[%clk 0:16:13]} 48. Kf3 {[%clk 0:25:37]} Qc1 {[%clk
0:15:44]} 49. Qh2 {[%clk 0:23:37]} Rf1+ {[%clk 0:15:44]} 0-1

[Event "Greek Team Championship"]
[Site "chess24.com"]
[Date "2017.07.04"]
[Round "3"]
[White "Kolaini, Pantelina-Paras"]
[Black "Louka, Marianthi"]
[Result "0-1"]
[Board "7"]
[WhiteElo "1133"]
[WhiteCountry "GRE"]
[WhiteFideId "25812980"]
[WhiteEloChange "-2"]
[BlackElo "1490"]
[BlackCountry "GRE"]
[BlackFideId "4285026"]
[BlackEloChange "2"]

1. e4 {[%clk 1:30:59]} c5 {[%clk 1:30:55]} 2. Nf3 {[%clk 1:31:24]} g6 {[%clk
1:31:17]} 3. d4 {[%clk 1:31:45]} cxd4 {[%clk 1:31:43]} 4. Nxd4 {[%clk 1:32:09]}
Bg7 {[%clk 1:32:03]} 5. Be3 {[%clk 1:32:31]} Nc6 {[%clk 1:32:25]} 6. c4 {[%clk
1:32:47]} Nf6 {[%clk 1:32:39]} 7. Nc3 {[%clk 1:32:52]} O-O {[%clk 1:32:56]} 8. f3
{[%clk 1:32:51]} d6 {[%clk 1:33:03]} 9. Qd2 {[%clk 1:32:53]} Bd7 {[%clk 1:32:02]}
10. Be2 {[%clk 1:32:32]} Nxd4 {[%clk 1:31:07]} 11. Bxd4 {[%clk 1:32:52]} a5
{[%clk 1:31:28]} 12. b3 {[%clk 1:32:20]} Bc6 {[%clk 1:31:19]} 13. O-O {[%clk
1:32:05]} Nd7 {[%clk 1:31:41]} 14. Be3 {[%clk 1:32:08]} Nc5 {[%clk 1:31:40]} 15.
Rfc1 {[%clk 1:31:05]} f5 {[%clk 1:23:22]} 16. exf5 {[%clk 1:23:05]} Rxf5 {[%clk
1:23:25]} 17. Rab1 {[%clk 1:22:08]} Qf8 {[%clk 0:53:01]} 18. a3 {[%clk 1:09:45]}
a4 {[%clk 0:51:38]} 19. Bxc5 {[%clk 0:57:51]} dxc5 {[%clk 0:51:07]} 20. bxa4
{[%clk 0:57:53]} Bh6 {[%clk 0:43:40]} 21. Qc2 {[%clk 0:53:44]} Be3+ {[%clk
0:38:54]} 22. Kh1 {[%clk 0:52:59]} Rh5 {[%clk 0:31:18]} 23. h3 {[%clk 0:48:23]}
Qh6 {[%clk 0:28:09]} 24. Bf1 {[%clk 0:47:21]} Rxh3+ {[%clk 0:24:27]} 25. gxh3
{[%clk 0:47:03]} Bxf3+ {[%clk 0:24:51]} 0-1

[Event "Greek Team Championship"]
[Site "chess24.com"]
[Date "2017.07.04"]
[Round "3"]
[White "Vlahakis, Nikos"]
[Black "Alevizos, Athanasios"]
[Result "1-0"]
[Board "8"]
[WhiteElo "1563"]
[WhiteCountry "GRE"]
[WhiteFideId "4228367"]
[WhiteEloChange "10"]
[BlackElo "1564"]
[BlackCountry "GRE"]
[BlackFideId "4272498"]
[BlackEloChange "-10"]

1. d4 {[%clk 1:30:57]} d5 {[%clk 1:30:55]} 2. Bf4 {[%clk 1:31:13]} Nf6 {[%clk
1:31:07]} 3. Nf3 {[%clk 1:31:39]} Bf5 {[%clk 1:31:29]} 4. e3 {[%clk 1:31:45]} e6
{[%clk 1:27:43]} 5. Nbd2 {[%clk 1:30:54]} Nc6 {[%clk 1:26:47]} 6. Bb5 {[%clk
1:26:00]} a6 {[%clk 1:26:17]} 7. Bxc6+ {[%clk 1:25:25]} bxc6 {[%clk 1:26:44]} 8.
Ne5 {[%clk 1:24:56]} c5 {[%clk 1:26:18]} 9. c3 {[%clk 1:18:30]} Bd6 {[%clk
1:21:53]} 10. Qa4+ {[%clk 1:14:22]} Nd7 {[%clk 1:20:50]} 11. Qc6 {[%clk 1:11:44]}
Ra7 {[%clk 1:17:17]} 12. dxc5 {[%clk 1:11:24]} Bxe5 {[%clk 1:14:50]} 13. Bxe5
{[%clk 1:11:06]} O-O {[%clk 1:15:02]} 14. Bg3 {[%clk 1:11:05]} Bd3 {[%clk
1:03:00]} 15. Qa4 {[%clk 1:09:13]} c6 {[%clk 0:28:48]} 16. Qd4 {[%clk 0:47:24]}
Bg6 {[%clk 0:28:54]} 17. O-O {[%clk 0:47:31]} f6 {[%clk 0:28:04]} 18. e4 {[%clk
0:44:45]} e5 {[%clk 0:24:44]} 19. Qe3 {[%clk 0:44:42]} dxe4 {[%clk 0:21:08]} 20.
f4 {[%clk 0:43:21]} f5 {[%clk 0:19:39]} 21. fxe5 {[%clk 0:42:30]} Qe7 {[%clk
0:18:33]} 22. Nc4 {[%clk 0:40:27]} Qxc5 {[%clk 0:15:54]} 23. Qxc5 {[%clk
0:40:12]} Nxc5 {[%clk 0:16:22]} 24. Bf2 {[%clk 0:40:31]} Rd7 {[%clk 0:14:57]} 25.
Bxc5 {[%clk 0:40:53]} Rfd8 {[%clk 0:14:17]} 26. Bd6 {[%clk 0:40:28]} Kf7 {[%clk
0:14:05]} 27. Ne3 {[%clk 0:39:14]} Ke6 {[%clk 0:14:11]} 28. g3 {[%clk 0:38:24]}
Rf7 {[%clk 0:13:55]} 29. Ng2 {[%clk 0:38:43]} Rxd6 {[%clk 0:11:20]} 30. exd6
{[%clk 0:38:59]} Kxd6 {[%clk 0:11:45]} 31. Nf4 {[%clk 0:39:21]} Ke5 {[%clk
0:11:21]} 32. Nxg6+ {[%clk 0:39:45]} hxg6 {[%clk 0:11:48]} 33. Kf2 {[%clk
0:39:35]} g5 {[%clk 0:11:30]} 34. Ke2 {[%clk 0:38:18]} f4 {[%clk 0:11:00]} 35. g4
{[%clk 0:37:00]} Rf8 {[%clk 0:09:17]} 36. Rad1 {[%clk 0:36:53]} Ke6 {[%clk
0:08:44]} 37. Rd4 {[%clk 0:36:16]} e3 {[%clk 0:07:41]} 38. Kf3 {[%clk 0:29:55]}
Rh8 {[%clk 0:06:47]} 39. Rh1 {[%clk 0:29:27]} Rh3+ {[%clk 0:05:40]} 40. Kg2
{[%clk 0:59:27]} Rh8 {[%clk 0:36:06]} 41. h3 {[%clk 0:59:46]} Ke5 {[%clk
0:35:34]} 42. Kf3 {[%clk 0:59:51]} c5 {[%clk 0:33:03]} 43. Rd7 {[%clk 0:59:13]}
Kf6 {[%clk 0:32:01]} 44. Rd6+ {[%clk 0:58:27]} Ke5 {[%clk 0:32:26]} 45. Rg6
{[%clk 0:58:37]} Rd8 {[%clk 0:30:27]} 46. Rxg5+ {[%clk 0:58:59]} Ke6 {[%clk
0:30:43]} 47. Kxf4 {[%clk 0:58:30]} e2 {[%clk 0:30:37]} 48. Re5+ {[%clk 0:58:52]}
1-0

[Event "Greek Team Championship"]
[Site "chess24.com"]
[Date "2017.07.04"]
[Round "3"]
[White "Rousos, Stamatios"]
[Black "Beliotis, Georgios"]
[Result "0-1"]
[Board "9"]
[WhiteElo "1857"]
[WhiteCountry "GRE"]
[WhiteFideId "4277007"]
[WhiteEloChange "-4"]
[BlackElo "2107"]
[BlackCountry "GRE"]
[BlackFideId "4231945"]
[BlackEloChange "4"]

1. e4 {[%clk 1:30:56]} c5 {[%clk 1:30:29]} 2. Nf3 {[%clk 1:30:31]} g6 {[%clk
1:30:52]} 3. d4 {[%clk 1:29:53]} cxd4 {[%clk 1:31:16]} 4. Nxd4 {[%clk 1:30:13]}
Bg7 {[%clk 1:31:26]} 5. c4 {[%clk 1:29:36]} Nc6 {[%clk 1:31:45]} 6. Be3 {[%clk
1:29:49]} Nf6 {[%clk 1:32:04]} 7. Nc3 {[%clk 1:29:45]} O-O {[%clk 1:31:53]} 8.
Be2 {[%clk 1:29:18]} d6 {[%clk 1:32:14]} 9. O-O {[%clk 1:28:43]} Bd7 {[%clk
1:32:33]} 10. f3 {[%clk 1:28:35]} a5 {[%clk 1:28:30]} 11. b3 {[%clk 1:26:18]}
Nxd4 {[%clk 1:28:41]} 12. Bxd4 {[%clk 1:26:39]} Bc6 {[%clk 1:29:02]} 13. Qd2
{[%clk 1:25:21]} Nd7 {[%clk 1:29:16]} 14. Be3 {[%clk 1:25:31]} Nc5 {[%clk
1:29:33]} 15. Rac1 {[%clk 1:23:44]} Qb6 {[%clk 1:27:16]} 16. Nd5 {[%clk 1:23:44]}
Bxd5 {[%clk 1:27:09]} 17. cxd5 {[%clk 1:22:12]} Rfc8 {[%clk 1:25:58]} 18. Rfd1
{[%clk 1:21:25]} Qd8 {[%clk 1:24:26]} 19. Rc2 {[%clk 1:19:40]} h5 {[%clk
1:17:11]} 20. Rdc1 {[%clk 1:14:59]} Kh7 {[%clk 1:16:55]} 21. Bf1 {[%clk 1:11:24]}
Qb6 {[%clk 1:10:33]} 22. Kh1 {[%clk 1:10:11]} Qb4 {[%clk 1:09:41]} 23. Qf2 {[%clk
0:56:18]} Bh6 {[%clk 1:05:30]} 24. Bxh6 {[%clk 0:55:43]} Kxh6 {[%clk 1:05:54]}
25. e5 {[%clk 0:51:12]} Qf4 {[%clk 0:59:34]} 26. exd6 {[%clk 0:51:24]} exd6
{[%clk 0:59:12]} 27. Rc4 {[%clk 0:46:16]} Qg5 {[%clk 0:50:45]} 28. Rd1 {[%clk
0:44:22]} Re8 {[%clk 0:48:51]} 29. Qd2 {[%clk 0:40:58]} Qxd2 {[%clk 0:45:03]} 30.
Rxd2 {[%clk 0:40:33]} Re1 {[%clk 0:44:57]} 31. Kg1 {[%clk 0:40:39]} Rae8 {[%clk
0:45:15]} 32. Kf2 {[%clk 0:38:21]} Kg5 {[%clk 0:43:08]} 33. h4+ {[%clk 0:33:10]}
Kf6 {[%clk 0:42:49]} 34. Rf4+ {[%clk 0:32:59]} Kg7 {[%clk 0:43:00]} 35. Be2
{[%clk 0:32:32]} Ra1 {[%clk 0:42:52]} 36. g4 {[%clk 0:25:57]} Rh1 {[%clk
0:37:31]} 37. gxh5 {[%clk 0:16:54]} Rh2+ {[%clk 0:35:43]} 38. Kf1 {[%clk
0:17:13]} gxh5 {[%clk 0:33:24]} 39. Rfd4 {[%clk 0:16:15]} Re3 {[%clk 0:28:52]}
40. Bd1 {[%clk 0:45:01]} Rh1+ {[%clk 0:55:31]} 41. Kf2 {[%clk 0:39:54]} Ree1
{[%clk 0:55:48]} 42. Be2 {[%clk 0:39:37]} Ra1 {[%clk 0:55:26]} 43. b4 {[%clk
0:39:21]} axb4 {[%clk 0:51:28]} 44. Rxb4 {[%clk 0:38:53]} Kf6 {[%clk 0:51:36]}
45. Rb6 {[%clk 0:34:59]} Ke5 {[%clk 0:49:45]} 46. Rb4 {[%clk 0:34:09]} f5 {[%clk
0:46:20]} 47. Ke3 {[%clk 0:21:50]} Rh3 {[%clk 0:39:27]} 48. Rdb2 {[%clk 0:17:38]}
Rah1 {[%clk 0:35:13]} 49. Rxb7 {[%clk 0:15:39]} f4+ {[%clk 0:27:07]} 50. Kd2
{[%clk 0:16:02]} Nxb7 {[%clk 0:27:27]} 51. Rxb7 {[%clk 0:16:31]} Ra1 {[%clk
0:27:09]} 52. Ra7 {[%clk 0:16:19]} Rxh4 {[%clk 0:27:15]} 53. a4 {[%clk 0:16:43]}
Kd4 {[%clk 0:25:23]} 0-1